000 00432 a2200157 4500
005 20260429153739.0
008 260429b |||||||| |||| 00| 0 eng d
020 _a9788119911738
080 _aFM
_bRAV/P
100 _a Raveendran,P.P
245 _aPadantharavayanakal (പാഠാന്തരവായനകൾ)
260 _bSPCS
_aKottayam
_c2024
300 _a231p.
653 _aEssays - Malayalam Literature
942 _cBK
999 _c115496
_d115495